Central Library OPAC University of Rajshahi

কবি রমানাথ : (Record no. 39722)

MARC details
000 -LEADER
fixed length control field 00919nam a2200229 a 4500
001 - CONTROL NUMBER
control field 39722
003 - CONTROL NUMBER IDENTIFIER
rucl marc code BD-RjUL
005 - DATE AND TIME OF LATEST TRANSACTION
control field 20211209053039.0
008 - FIXED-LENGTH DATA ELEMENTS--GENERAL INFORMATION
fixed length control field 160417s2012 ii a||| |||| 00| 0 ben d
020 ## - INTERNATIONAL STANDARD BOOK NUMBER
International Standard Book Number 9789381229132
Terms of availability : tk. 150.00
035 ## - SYSTEM CONTROL NUMBER
System control number (BD-RjUL)39835
040 ## - CATALOGING SOURCE
Original cataloging agency BD-RjUL
Language of cataloging ben
Transcribing agency BD-RjUL
041 ## - LANGUAGE CODE
Language code of text/sound track or separate title ben
082 ## - DEWEY DECIMAL CLASSIFICATION NUMBER
Edition number 23
Classification number 891.4409
Author mark and year SHK 2012
100 ## - MAIN ENTRY--PERSONAL NAME
Personal name শর্মা, পার্থ
9 (RLIN) 122350
245 10 - TITLE STATEMENT
Title কবি রমানাথ :
Remainder of title জীবণী ও সাহিত্য /
Statement of responsibility, etc. পার্থ শর্মা
260 ## - PUBLICATION, DISTRIBUTION, ETC. (IMPRINT)
Place of publication, distribution, etc. কলকাতা :
Name of publisher, distributor, etc. রূপসী বাংলা,
Date of publication, distribution, etc. ২০১২.
300 ## - PHYSICAL DESCRIPTION
Pagination ১১৬ পৃ. [১০] প্লেটস :
Illustrations চিত্র. ;
Size ২০ সেমি.
650 ## - SUBJECT ADDED ENTRY--TOPICAL TERM
Topical term or geographic name as entry element বাংলা সাহিত্য
General subdivision ইতিহাস ও সমালোচনা
9 (RLIN) 118060
Topical term or geographic name as entry element Bengali Literatre
General subdivision History & Criticism
9 (RLIN) 122351
942 ## - ADDED ENTRY ELEMENTS (KOHA)
Source of classification or shelving scheme Dewey Decimal Classification
Koha item type Books
Holdings
Lost status Source of classification or shelving scheme Damaged status Not for loan Collection code Permanent Location Current Location Shelving location Date acquired Source of acquisition Cost, normal purchase price Total Checkouts Full call number Date last seen Copy number Koha item type
  Dewey Decimal Classification   Not For Loan Non-fiction Central Library, University of Rajshahi Central Library, University of Rajshahi Reading Room 10/02/2016 RUCL 150.00   B 891.4409 SHK 2012 17/04/2016 C-1 Books